| 000 | 00757nam a22002295i 4500 | ||
|---|---|---|---|
| 001 | 177769 | ||
| 003 | ES-MaACL | ||
| 005 | 20230906220417.0 | ||
| 008 | 110420s1928 sp |||| | spa d | ||
| 080 | _a616.891.2 | ||
| 100 | 1 |
_aKretschmer, Ernst ( _d1888-1964) _9171966 |
|
| 245 | 1 | 3 |
_aLa histeria / _cErnst Kretschmer ; traducción del alemán por José M. Sacristán. |
| 250 | _a2ª ed. alemana. | ||
| 260 |
_aMadrid : _bRevista de Occidente, _c1928. |
||
| 300 |
_a211 p. ; _c18 cm. |
||
| 490 | 1 |
_aNuevos hechos, nuevas ideas ; _v24 |
|
| 650 | 0 | 4 |
_aHisteria. _913371 |
| 700 | 1 |
_aSacristán, José María. _9101267 |
|
| 830 | 1 |
_aNuevos hechos, nuevas ideas ; _v24 _9184426 |
|
| 852 |
_aES-MaACL _jE-14974 _xOlim P-209 |
||
| 999 |
_c177769 _d177769 |
||